Statistics for NBA Players from LSU

Click here to take the quiz!

General Stats

  • This quiz has been taken 64 times
    (4 since last reset)
  • The average score is 8 of 50

Answer Stats

PositionPlayerDraft Year% Correct
CShaquille O'Neal1992
100%
PFBen Simmons2016
67%
PFGlen Davis2007
67%
FCJohn Williams1986
67%
GSkylar Mays2020
67%
FAlex Fudge2023
33%
FCBob Pettit1954
33%
CChris Johnson2009
33%
PFDarius Days2022
33%
GFHoward Carter1983
33%
CJabari Smith2000
33%
GJa'Vonte Smart2021
33%
PGMahmoud Abdul-Rauf1990
33%
SGMarcus Thornton2009
33%
SGMaurice Carter1999
33%
CNaz Reid2019
33%
FSteffond Johnson1986
33%
FCStromile Swift2000
33%
PGTremont Waters2019
33%
PFAnthony Randolph2008
0%
SGAntonio Blakeney2017
0%
PFBrandon Bass2005
0%
SGBrandon Sampson2018
0%
SGCameron Thomas2021
0%
PFDeWayne Scales1980
0%
GFrankie BrianN/A
0%
GGarrett Temple2009
0%
CGeert Hammink1993
0%
SGGlenn Hansen1975
0%
FJackie Moreland1960
0%
FJarell Martin2015
0%
PFJerry Reynolds1985
0%
FCJohn Chaney1947
0%
FCJohnny O'Bryant2014
0%
PFJordan Mickey2015
0%
GJoshia Gray2016
0%
CJustin Hamilton2012
0%
PGKenny Higgs1978
0%
FNikita Wilson1987
0%
GFPete Maravich1970
0%
GFRandy Livingston1996
0%
FRicky Blanton1989
0%
FRonald Dupree2003
0%
PFRudy Macklin1981
0%
CStanley Roberts1991
0%
PFTari Eason2022
0%
GTim Quarterman2016
0%
CTito Horford1988
0%
SFTrendon Watford2021
0%
FTyrus Thomas2006
0%

Score Distribution

Percentile by Number Answered

Percent of People with Each Score

Your Score History

You have not taken this quiz since the last reset